Ice : (Record no. 5470)

MARC details
000 -LEADER
fixed length control field 00951nam a22002777a 4500
001 - CONTROL NUMBER
control field 5470
003 - CONTROL NUMBER IDENTIFIER
control field FISKH
005 - DATE AND TIME OF LATEST TRANSACTION
control field 20241210101525.0
008 - FIXED-LENGTH DATA ELEMENTS--GENERAL INFORMATION
fixed length control field 241210b cb ||||| |||| 00| 0 eng d
020 ## - INTERNATIONAL STANDARD BOOK NUMBER
International Standard Book Number 9780545591959
040 ## - CATALOGING SOURCE
Original cataloging agency FISKH
Language of cataloging eng
Transcribing agency FISKH
Modifying agency FISKH
050 ## - LIBRARY OF CONGRESS CALL NUMBER
Classification number HD9481.U52
082 ## - DEWEY DECIMAL CLASSIFICATION NUMBER
Classification number 621.5
100 ## - MAIN ENTRY--PERSONAL NAME
Personal name Pringle, Laurence
245 ## - TITLE STATEMENT
Title Ice :
Remainder of title the amazing history of the ice bussiness /
Statement of responsibility, etc. by Laurence Pringle
260 ## - PUBLICATION, DISTRIBUTION, ETC.
Place of publication, distribution, etc. New York :
Name of publisher, distributor, etc. Scholastic ;
Date of publication, distribution, etc. 2012.
300 ## - PHYSICAL DESCRIPTION
Extent 74 pages:
Other physical details illustrations ;
Dimensions 25 cm .
505 ## - FORMATTED CONTENTS NOTE
Formatted contents note Z <br/>
520 ## - SUMMARY, ETC.
Summary, etc. Presents a history of the ice business, detailing the processes of harvesting, storage, and distribution, with particular emphasis on activities at Rockland Lake, the "Icebox of New York City."
521 8# - TARGET AUDIENCE NOTE
Target audience note 1060 <br/>
Source Lexile <br/>
521 8# - TARGET AUDIENCE NOTE
Target audience note Z <br/>
Source Raz-Plus <br/>
650 ## - SUBJECT ADDED ENTRY--TOPICAL TERM
Topical term or geographic name entry element American history
Form subdivision Non-fiction
700 ## - ADDED ENTRY--PERSONAL NAME
Personal name Weise, Carla
Relator term Designer
942 ## - ADDED ENTRY ELEMENTS (KOHA)
Source of classification or shelving scheme Dewey Decimal Classification
Koha item type Books
Suppress in OPAC No
Holdings
Withdrawn status Lost status Source of classification or shelving scheme Damaged status Not for loan Collection Home library Current library Shelving location Date acquired Total Checkouts Full call number Barcode Date last seen Price effective from Koha item type
    Dewey Decimal Classification     Non-Fiction Footprints International School Library Network Toul Kork Campus Footprints International School Library Network Toul Kork Campus TTP Secondary Fiction Bookshelves 12/10/2024   PRI 621.5 HD9481.U52 FISSE01266 12/10/2024 12/10/2024 Books